| 000 | 00523nam a22001817a 4500 | ||
|---|---|---|---|
| 003 | 0 | ||
| 005 | 20231117123304.0 | ||
| 008 | 231117b xxu||||| |||| 00| 0 eng d | ||
| 020 | _a978-621-8179-56-1 | ||
| 050 |
_aG 154.7 _b.V59 2022 |
||
| 100 | _aVizconde, Angelie Marie L. | ||
| 245 |
_aTour guiding _cAngelie Marie L. Vizconde |
||
| 260 |
_aManila _bEDRIC Publishing House _cc2022. |
||
| 300 |
_a101 pages ; _c25 cm. |
||
| 504 | _aIncludes bibliographical references. | ||
| 650 | _aTour guides. | ||
| 942 |
_2lcc _cBK |
||
| 999 |
_c365624 _d365624 |
||